| 000 | 00515nam a22001577a 4500 | ||
|---|---|---|---|
| 003 | 0 | ||
| 005 | 20220723103928.0 | ||
| 008 | 220723b xxu||||| |||| 00| 0 eng d | ||
| 020 | _a978-621-04-2480-5 | ||
| 050 |
_aHD2741 _b.D45 2021 |
||
| 245 |
_aGood governance and social responsibility _cDanilo Lorenzo S. Delos Santos; Leveric T. Ng |
||
| 260 |
_aManila _bRex Book store, Inc., _cc2021 |
||
| 300 |
_axii, 116pp. _c23cm. _eIncludes references and index. _fBook |
||
| 500 | _aSocial responsibility. | ||
| 942 |
_2lcc _cBK |
||
| 999 |
_c364741 _d364741 |
||